Joëlette : natura a l'abast de tothom natura a l'abast de tothom
Descripción Física:
37 pàgines : il·lustracions ; 21 cm
Idioma:
Catalán
MARC
| LEADER | 00000nam a22000007a 4500 | ||
|---|---|---|---|
| 001 | 25388 | ||
| 008 | 220503b spa||||| |||| 00| 0 cat d | ||
| 017 | |a DL B 21013-2020 | ||
| 080 | |a FU-68-52 | ||
| 245 | |a Joëlette : |b natura a l'abast de tothom | ||
| 246 | 3 | 2 | |a Joelette |
| 260 | |a Barcelona : |b Diputació de Barcelona, Xarxa de Parcs Naturals, |c 2020 | ||
| 300 | |a 37 pàgines : |b il·lustracions ; |c 21 cm | ||
| 650 | 0 | |9 52751 |a Cadires de rodes | |
| 650 | 0 | |9 49694 |a Excursionisme | |
| 710 | 1 | |9 7250 |a Barcelona (Catalunya : Província). |b Xarxa de Parcs Naturals | |
| 710 | 1 | |9 52730 |a Barcelona (Catalunya : Província). |b Gerència de Serveis d’Espais Naturals | |
| 942 | |2 udc |c ARXIU |n 1 | ||
| 952 | |0 0 |1 0 |4 0 |7 1 |9 61468 |a Arxiu |b Arxiu |d 2022-05-03 |l 0 |r 2022-05-03 00:00:00 |t FU-68-52 |u 25388 |w 2022-05-03 |y ARXIU | ||
| 999 | |c 81421 |d 81421 | ||